Normal view
MARC view
- هندي، منير ابراهيم
Entry Personal Name
001 - CONTROL NUMBER
- control field: 45208
003 - CONTROL NUMBER IDENTIFIER
- control field: JO-AjAnu
005 - DATE AND TIME OF LATEST TRANSACTION
- control field: 20230606081459.0
008 - FIXED-LENGTH DATA ELEMENTS
- fixed length control field: 230606|| aca||aabn | a|a d
040 ## - CATALOGING SOURCE
- Original cataloging agency: JO-AjAnu
- Transcribing agency: JO-AjAnu
100 ## - HEADING--PERSONAL NAME
- Personal name: هندي، منير ابراهيم
670 ## - SOURCE DATA FOUND
- Source citation: Work cat.: (JO-AjAnu)23147: هندي، منير ابراهيم, author, اساليب وطرق خصخصة المشروعات العامة خلاصة الخبرات العالمية